[Event "N4"]
[Site "?"]
[Date "2007.01.21"]
[Round "4"]
[White "CREPAUX, J.Marie"]
[Black "ALCIDI, Valentin"]
[Result "0-1"]
[WhiteElo "1950"]
[BlackElo "1920"]
[PlyCount "77"]
[EventDate "2007.01.23"]
[SourceDate "2007.03.18"]

1. e4 e5 2. Bc4 Nf6 3. Nf3 Nxe4 4. Nc3 Nc6 5. O-O Nxc3 6. dxc3 Be7 7. Qd5 O-O
8. Nxe5 Nxe5 9. Qxe5 Bf6 10. Qh5 g6 11. Qf3 Bg7 12. Bf4 d6 13. Rad1 Qh4 14. g3
Qf6 15. Qe3 Be6 16. Rd4 Qf5 17. Bxe6 fxe6 18. Rb4 b6 19. Rc4 Rac8 20. Qe4 Qf7
21. Rc6 e5 22. Be3 Qf3 23. Qxf3 Rxf3 24. Rd1 Rff8 25. Kg2 Kf7 26. f4 Ke6 27.
fxe5 Bxe5 28. Rc4 Kd7 29. Rh4 Rf7 30. Bf4 Bxf4 31. Rxf4 Rxf4 32. gxf4 Re8 33.
Kf3 c6 34. Rg1 d5 35. Rg3 Ke6 36. Kg4 Kf6 37. Kf3 Re4 38. Rh3 h5 39. Rg3 0-1

[Event "N4"]
[Site "?"]
[Date "2007.01.21"]
[Round "4"]
[White "PRIOUX, Michel"]
[Black "MONTHOUX, P.Yves"]
[Result "0-1"]
[WhiteElo "1851"]
[BlackElo "1933"]
[PlyCount "121"]
[EventDate "2007.01.23"]
[SourceDate "2007.03.18"]

1. d4 Nf6 2. Nf3 g6 3. c4 Bg7 4. Nc3 d5 5. Bf4 c5 6. cxd5 Nxd5 7. Be5 Nf6 8. e3
O-O 9. Bb5 a6 10. Be2 Nc6 11. Bf4 cxd4 12. exd4 Nd5 13. Be3 e5 14. Nxd5 Qxd5
15. dxe5 Qxd1+ 16. Rxd1 Nxe5 17. Nxe5 Bxe5 18. Bd4 Bxd4 19. Rxd4 Be6 20. a3
Rad8 21. Rxd8 Rxd8 22. Bf3 Bc4 23. h4 b6 24. g3 a5 25. Bd1 Kf8 26. f4 Rd3 27.
Rg1 Bb3 28. Bxb3 Rxb3 29. Rg2 f5 30. Kd1 Ke7 31. Kc2 Rf3 32. Kd2 Kd6 33. h5 Kc5
34. hxg6 hxg6 35. Kc2 Kc4 36. g4 Rxf4 37. b3+ Kc5 38. gxf5 gxf5 39. Rg8 Rf2+
40. Kc3 Rf3+ 41. Kc2 Rf2+ 42. Kc3 Rf4 43. Rc8+ Kd5 44. Rb8 Rf3+ 45. Kc2 Kc5 46.
Rc8+ Kb5 47. a4+ Kb4 48. Rb8 Rf2+ 49. Kb1 Kxb3 50. Rxb6+ Kxa4 51. Kc1 Ka3 52.
Kd1 a4 53. Ke1 Rb2 54. Rf6 Rb5 55. Rh6 Ka2 56. Kd1 Rc5 57. Rh4 a3 58. Kd2 Kb3
59. Rh8 Rd5+ 60. Ke3 a2 61. Rb8+ 0-1

[Event "N4"]
[Site "?"]
[Date "2007.01.21"]
[Round "4"]
[White "LECOCQ, Pierre"]
[Black "LEGHBALI, Sophiane"]
[Result "1-0"]
[WhiteElo "1880"]
[BlackElo "1810"]
[PlyCount "65"]
[EventDate "2007.01.23"]
[SourceDate "2007.03.18"]

1. e4 e6 2. d4 d5 3. exd5 exd5 4. Bd3 Bd6 5. Ne2 Ne7 6. O-O Ng6 7. Ng3 O-O 8.
c3 Nc6 9. Be3 Nce7 10. Qd2 c6 11. h3 Qc7 12. Nh5 Re8 13. Bh6 Be5 14. dxe5 Nxe5
15. Bxg7 Nxd3 16. Qxd3 Bf5 17. Qd4 Qc8 18. Nf6+ Kxg7 19. Nxe8+ Kf8 20. Nd6 Qd7
21. Nxf5 Qxf5 22. Re1 f6 23. Nd2 Kf7 24. Qg4 Qxg4 25. hxg4 Rg8 26. f3 Ng6 27.
c4 Nf4 28. g3 Nd3 29. Re3 dxc4 30. Nxc4 Rd8 31. Rd1 b5 32. Na5 Rc8 33. Rdxd3
1-0

[Event "N4"]
[Site "?"]
[Date "2007.01.21"]
[Round "4"]
[White "WACZECKA, Jerome"]
[Black "HARNIK, Cecilien"]
[Result "0-1"]
[WhiteElo "1750"]
[BlackElo "1740"]
[PlyCount "64"]
[EventDate "2007.01.23"]
[SourceDate "2007.03.18"]

1. d4 f5 2. Nf3 Nf6 3. Bg5 g6 4. Nbd2 Bg7 5. e3 d6 6. Bc4 c6 7. O-O d5 8. Bd3
Nbd7 9. c4 Qb6 10. Qc2 O-O 11. Rab1 e6 12. c5 Qd8 13. Ne5 h6 14. Bh4 g5 15. Bg3
Nh5 16. Ndf3 Nxg3 17. hxg3 Nxe5 18. Nxe5 Bxe5 19. dxe5 g4 20. f4 gxf3 21. gxf3
Qg5 22. Kf2 Bd7 23. f4 Qe7 24. Rh1 Kg7 25. Rbg1 Rh8 26. g4 fxg4 27. Rxg4+ Kf8
28. b4 a5 29. a3 axb4 30. axb4 Ke8 31. Bh7 Qxh7 32. Qxh7 Ra2+ 0-1

[Event "N4"]
[Site "?"]
[Date "2007.01.21"]
[Round "4"]
[White "RENARD, LUC."]
[Black "VEILLERETTE, Chantal"]
[Result "1-0"]
[WhiteElo "1660"]
[BlackElo "1600"]
[PlyCount "121"]
[EventDate "2007.01.23"]
[SourceDate "2007.03.18"]

1. d4 Nf6 2. Bg5 b6 3. Bxf6 exf6 4. Nf3 Bb7 5. Nbd2 f5 6. e3 g6 7. Bc4 d6 8.
Qe2 Qe7 9. O-O-O Bh6 10. Kb1 Nd7 11. Rhe1 O-O 12. Bd3 Nf6 13. e4 fxe4 14. Nxe4
Nxe4 15. Bxe4 Bxe4 16. Qxe4 Qxe4 17. Rxe4 Rfe8 18. Rde1 Rxe4 19. Rxe4 Kf8 20.
c4 Re8 21. Rxe8+ Kxe8 22. d5 f6 23. b4 Kd7 24. b5 Ke7 25. Kc2 f5 26. Nd4 Bg7
27. Ne6 Bf6 28. Nxc7 g5 29. Kd3 h5 30. Na6 h4 31. h3 g4 32. Nb8 Bg5 33. Nc6+
Kf6 34. a4 Bc1 35. Ke2 Kg5 36. f3 gxh3 37. gxh3 Kf4 38. Kf2 Be3+ 39. Kg2 Bc5
40. Ne7 Kg5 41. Nc6 Kf4 42. Nxa7 Ke3 43. Nc6 Kd3 44. Ne7 Kxc4 45. Nxf5 Kxd5 46.
Nxh4 Ke5 47. Ng6+ Kd4 48. Kf1 Kc4 49. h4 d5 50. Ne5+ Kb3 51. Nd3 Be3 52. Ke2
Bh6 53. a5 bxa5 54. b6 Bf8 55. b7 Bd6 56. h5 a4 57. Nc5+ Kb4 58. Nxa4 Kxa4 59.
h6 Kb3 60. Kd3 Kb4 61. h7 1-0

[Event "N4 RILLY / BME"]
[Site "?"]
[Date "????.??.??"]
[Round "4"]
[White "BARDOUX, Thierry"]
[Black "CAZZARO, Dorian"]
[Result "1-0"]
[WhiteElo "2156"]
[BlackElo "1800"]
[PlyCount "98"]
[EventDate "2007.01.22"]
[SourceDate "2007.03.18"]

1. d4 d5 2. Nf3 c6 3. e3 Nf6 4. c4 e6 5. Bd3 Bd6 6. O-O O-O 7. Nbd2 Nbd7 8. e4
dxe4 9. Nxe4 Nxe4 10. Bxe4 Nf6 11. Bc2 h6 12. b3 c5 13. Bb2 b6 14. Qe2 Qc7 15.
dxc5 Bxc5 16. Bxf6 gxf6 17. Be4 Bb7 18. Rad1 Rad8 19. Bxb7 Qxb7 20. Nd2 Rd4 21.
Qf3 Qxf3 22. Nxf3 Rdd8 23. g3 Rfe8 24. Kg2 Kf8 25. Nh4 Ke7 26. Kf3 Rg8 27. Ke2
Rge8 28. Nf3 a5 29. Nh4 Rh8 30. Ng2 Rhf8 31. Nf4 Rfe8 32. f3 Rg8 33. Rd3 Rxd3
34. Nxd3 Rd8 35. Nxc5 bxc5 36. Rd1 Rd4 37. Rxd4 cxd4 38. a3 Kd6 39. b4 axb4 40.
axb4 e5 41. g4 Ke6 42. b5 Kd6 43. b6 Kd7 44. c5 Kc6 45. Kd3 Kb7 46. h4 Kc6 47.
f4 Kb7 48. h5 Kc6 49. g5 fxg5 1-0

[Event "N4 RILLY / BME"]
[Site "?"]
[Date "????.??.??"]
[Round "4"]
[White "HUSSON, Christophe"]
[Black "MEUNIER, Samuel"]
[Result "0-1"]
[WhiteElo "1650"]
[BlackElo "1880"]
[PlyCount "128"]
[EventDate "2007.01.22"]
[SourceDate "2007.03.18"]

1. e4 c5 2. Nf3 Nc6 3. d4 cxd4 4. Nxd4 Nf6 5. Nc3 e5 6. Nb3 d6 7. f3 Be6 8. Be3
Be7 9. Bd3 O-O 10. O-O d5 11. exd5 Nxd5 12. Nxd5 Qxd5 13. a3 Rad8 14. Qe1 f5
15. Rd1 e4 16. Be2 Qe5 17. Rxd8 Rxd8 18. Qc1 Bd6 19. f4 Qf6 20. g3 b6 21. Rd1
Ne7 22. Bd4 Qf7 23. Be5 Bxb3 24. Bxd6 Rc8 25. Qe3 Bxc2 26. Rc1 Bb3 27. Rxc8+
Nxc8 28. Be5 Ne7 29. Qc3 Be6 30. Qc7 Nd5 31. Qxf7+ Kxf7 32. Kf2 g6 33. Bc4 Ne7
34. Bb5 Bd5 35. Ke3 Ke6 36. Bb8 a5 37. Bc7 Nc8 38. Kd4 Bb7 39. Bc4+ Kd7 40. Be5
Ne7 41. Bb5+ Bc6 42. Bc4 Ba4 43. Bd5 b5 44. Bf6 Bd1 45. Be5 e3 46. Kc5 b4 47.
Bd4 e2 48. Bf2 bxa3 49. bxa3 h6 50. Be1 a4 51. Bb4 g5 52. Bf7 Nc8 53. Be1 Nd6
54. Bd5 Bb3 55. Bf3 Bd1 56. Bd5 Ke7 57. Bc3 Ne8 58. Kd4 Nf6 59. Bf3 e1=Q 60.
Bxe1 Bxf3 61. Ke5 Be4 62. Bb4+ Kf7 63. Bd2 gxf4 64. gxf4 Ng4+ 0-1

[Event "N4 RILLY / BME"]
[Site "?"]
[Date "????.??.??"]
[Round "4"]
[White "MEYER, Caroline"]
[Black "FAUCON, Arthur"]
[Result "0-1"]
[WhiteElo "1499"]
[BlackElo "1320"]
[PlyCount "72"]
[EventDate "2007.01.22"]
[SourceDate "2007.03.18"]

1. e4 e5 2. Nf3 Nc6 3. Nc3 Bc5 4. d4 Nxd4 5. Be3 Nxf3+ 6. Qxf3 Bxe3 7. Qxe3 Nf6
8. Qg5 O-O 9. Bd3 d6 10. Rd1 Be6 11. b3 Ng4 12. Qh5 Qf6 13. Rf1 Qf4 14. f3 Ne3
15. Ne2 Qh6 16. Qxh6 gxh6 17. Rg1 Nxd1 18. Kxd1 c6 19. g4 f6 20. Ng3 d5 21. Nh5
dxe4 22. Bxe4 Kh8 23. Ke1 f5 24. Bd3 fxg4 25. fxg4 Rg8 26. Nf6 Rg7 27. Be4 Rf8
28. Nxh7 Rxh7 29. g5 Rg7 30. g6 Bf5 31. Bd3 Bxd3 32. cxd3 Rf6 33. h3 Rgxg6 34.
Rxg6 Rxg6 35. a4 Rg3 36. h4 Rxd3 0-1

[Event "N4 RILLY / BME"]
[Site "?"]
[Date "????.??.??"]
[Round "4"]
[White "RAULET, Alain"]
[Black "CORCHETTE, Fabien"]
[Result "1-0"]
[WhiteElo "2060"]
[BlackElo "1660"]
[PlyCount "81"]
[EventDate "2007.01.22"]
[SourceDate "2007.03.18"]

1. c4 c5 2. g3 Nc6 3. Bg2 e5 4. Nc3 f5 5. d3 Nf6 6. Bg5 Be7 7. e3 O-O 8. Nge2
d6 9. O-O Qe8 10. d4 Qh5 11. Bxf6 Rxf6 12. f4 Rh6 13. h3 e4 14. a3 Bd7 15. Nd5
Bd8 16. b4 b6 17. dxc5 dxc5 18. Rf2 Qf7 19. Nec3 a6 20. Rd2 Ra7 21. Rb1 Kf8 22.
bxc5 bxc5 23. Rdb2 Na5 24. Rb8 Ke8 25. Rxd8+ Kxd8 26. Rb8+ Bc8 27. Nb6+ Kc7 28.
Rxc8+ Kb7 (28... Kxb6 29. Qb1+ Nb3 30. Qxb3+ Ka5 31. Rxc5#) 29. Rb8+ Kxb8 30.
Qd8+ Kb7 31. Qc8+ Kxb6 32. Nd5+ (32. Na4#) 32... Qxd5 33. cxd5 Rc7 34. Qxf5 c4
35. Bxe4 c3 36. Bc2 Nc4 37. Qd3 Rd7 38. a4 Na3 39. Qd4+ Kb7 40. Qb4+ Kc8 41.
Bf5 1-0

[Event "N4 RILLY / BME"]
[Site "?"]
[Date "????.??.??"]
[Round "4"]
[White "GODARD, Adrien"]
[Black "GASIOR, Jerome"]
[Result "0-1"]
[WhiteElo "1680"]
[BlackElo "2108"]
[PlyCount "60"]
[EventDate "2007.01.22"]
[SourceDate "2007.03.18"]

1. e4 c5 2. Nf3 d6 3. d4 cxd4 4. Nxd4 Nf6 5. Nc3 g6 6. Be2 Bg7 7. Be3 Nc6 8.
Nb3 O-O 9. O-O Ne5 10. h3 Be6 11. Nd2 d5 12. f4 Nc6 13. exd5 Nxd5 14. Nxd5 Qxd5
15. Bc4 Qd7 16. c3 Rfd8 17. Bxe6 Qxe6 18. Re1 Rd3 19. Qe2 Rad8 20. Nb3 b6 21.
Nd4 Nxd4 22. Bxd4 Qxe2 23. Rxe2 Bxd4+ 24. cxd4 e6 25. Rf1 R8xd4 26. Rff2 h5 27.
a3 h4 28. Kh2 Kg7 29. Rc2 Re4 30. Rc7 Re1 0-1

[Event "N4 RILLY / BME"]
[Site "?"]
[Date "????.??.??"]
[Round "4"]
[White "BELGUIRAL, Baptiste"]
[Black "BOHR, Frederic"]
[Result "0-1"]
[WhiteElo "1290"]
[BlackElo "1280"]
[PlyCount "50"]
[EventDate "2007.01.22"]
[SourceDate "2007.03.18"]

1. e4 e5 2. Nf3 Nf6 3. Nxe5 d6 4. Nf3 Nxe4 5. d3 Nc5 6. d4 Ne4 7. Qe2 d5 8.
Nbd2 Bf5 9. Nxe4 dxe4 10. Qb5+ Bd7 11. Qe5+ Be6 12. Qxe4 Nc6 13. c3 Be7 14. Bd3
Qd7 15. c4 Bb4+ 16. Bd2 Bxd2+ 17. Nxd2 Qxd4 18. Qxd4 Nxd4 19. O-O O-O 20. Rae1
Rfe8 21. Re4 c5 22. Rh4 h6 23. Re1 Bf5 24. Rxe8+ Rxe8 25. Bxf5 Re1+ 0-1

[Event "N4 RILLY / BME"]
[Site "?"]
[Date "????.??.??"]
[Round "4"]
[White "DELIAS, Gerard"]
[Black "LIN, Yun"]
[Result "0-1"]
[WhiteElo "1620"]
[BlackElo "1430"]
[PlyCount "42"]
[EventDate "2007.01.22"]
[SourceDate "2007.03.18"]

1. c4 e5 2. g3 Nf6 3. Bg2 Bc5 4. Nc3 d6 5. Nf3 Bg4 6. O-O Qd7 7. Re1 Bh3 8. Bh1
Nc6 9. e3 O-O 10. a3 a5 11. d4 exd4 12. Nxd4 Bxd4 13. exd4 Rfe8 14. Bg5 Qf5 15.
Bxf6 Qxf6 16. Nb5 Rxe1+ 17. Qxe1 Nxd4 18. Nxd4 Qxd4 19. Bxb7 Rb8 20. Qxa5 Qxb2
21. Re1 Qxb7 0-1

[Event "N4 ronde 5 TGV / BLAGNY"]
[Site "?"]
[Date "????.??.??"]
[Round "5"]
[White "FOURCART, Marc"]
[Black "POUPARD, Anais"]
[Result "1-0"]
[WhiteElo "1775"]
[BlackElo "1009"]
[PlyCount "31"]
[EventDate "2007.02.11"]
[SourceDate "2007.03.18"]

1. e4 e5 2. f4 Nc6 3. Nf3 Nf6 4. Nc3 d6 5. Bc4 g6 6. O-O Bh6 7. Ng5 exf4 8.
Nxf7 Ke7 9. Nxd8 Rxd8 10. d3 Ke8 11. Bxf4 Bxf4 12. Rxf4 Ng8 13. Bxg8 h6 14. Qf1
Ke7 15. Rf7+ Ke6 16. Qf6# 1-0

[Event "N4 ronde 5 TGV / BLAGNY"]
[Site "?"]
[Date "????.??.??"]
[Round "5"]
[White "BRODIER, Thierry"]
[Black "POISSEROUX, Benoit"]
[Result "1-0"]
[WhiteElo "1770"]
[BlackElo "1883"]
[PlyCount "91"]
[EventDate "2007.02.11"]
[SourceDate "2007.03.18"]

1. d4 Nf6 2. Nf3 g6 3. Bg5 Bg7 4. e3 c6 5. Nbd2 d6 6. c3 Bf5 7. Nb3 a5 8. Bd3
Bxd3 9. Qxd3 a4 10. Nbd2 Nbd7 11. O-O O-O 12. Rfe1 Qc7 13. Rad1 e5 14. dxe5
Nxe5 15. Nxe5 dxe5 16. Bxf6 Bxf6 17. Ne4 Bg7 18. Qd7 Qb6 19. Qd2 Rfd8 20. Qc2
h6 21. Ng3 Bf6 22. Ne4 Be7 23. Re2 a3 24. b3 c5 25. c4 Rxd1+ 26. Qxd1 Qc6 27.
Nc3 Rd8 28. Rd2 Rxd2 29. Qxd2 e4 30. Nd5 Bf6 31. Qa5 Kg7 32. Qxa3 b5 33. Qa5
bxc4 34. bxc4 Ba1 35. a4 Qb7 36. Qb5 Qc8 37. Qb1 Be5 38. Qxe4 Qb8 39. f4 Bd6
40. Qc2 h5 41. Qc3+ Kh6 42. Qa1 Qe8 43. a5 Qa8 44. a6 Kh7 45. a7 Kh6 46. Nb6
1-0

[Event "N4 ronde 5 TGV / BLAGNY"]
[Site "?"]
[Date "????.??.??"]
[Round "5"]
[White "GILLET, Thibault"]
[Black "CHEBRIDON, Jean Louis"]
[Result "0-1"]
[WhiteElo "1650"]
[BlackElo "1700"]
[PlyCount "148"]
[EventDate "2007.02.11"]
[SourceDate "2007.03.18"]

1. d4 d5 2. c4 e6 3. Nc3 Nf6 4. e3 Be7 5. Bd3 O-O 6. Nge2 Nbd7 7. O-O c6 8. f3
dxc4 9. Bxc4 Nb6 10. Bd3 c5 11. Kh1 Nbd5 12. e4 Nb4 13. Be3 cxd4 14. Nxd4 e5
15. Nc2 Qxd3 16. Qxd3 Nxd3 17. b3 Be6 18. Nb5 a6 19. Nc7 Rac8 20. Nxe6 fxe6 21.
Rad1 Rfd8 22. Rd2 Nb4 23. Nxb4 Bxb4 24. Rxd8+ Rxd8 25. h3 Rd3 26. Bc1 Nh5 27.
Kh2 Nf4 28. a3 Bc5 29. b4 Bd4 30. a4 Ne2 31. Bg5 Kf7 32. Re1 Nf4 33. Rc1 Rc3
34. Rd1 Ne2 35. Rd2 Nc1 36. Rd1 Na2 37. Rb1 Be3 38. Bd8 Bf4+ 39. g3 Rc2+ 40.
Kh1 Rc1+ 41. Rxc1 Bxc1 42. b5 axb5 43. axb5 Nc3 44. b6 Be3 45. Kg2 Na4 46. Bc7
Kf6 47. Bd8+ Kf7 48. Bc7 Bd4 49. Kf1 Nxb6 50. Ke2 Ke7 51. Bb8 Kd8 52. Kd3 Kd7
53. f4 Bf2 54. Bxe5 Bxg3 55. Bd4 Nc8 56. Ke3 g6 57. Kf3 Bh4 58. Kg4 Be7 59. h4
b5 60. h5 b4 61. hxg6 hxg6 62. f5 exf5+ 63. exf5 gxf5+ 64. Kxf5 Kc6 65. Ke4 Kb5
66. Kd3 Ka4 67. Kc2 b3+ 68. Kb1 Ba3 69. Ka1 Nd6 70. Be5 Nc4 71. Bd4 Bd6 72. Kb1
Be5 73. Bc5 Na3+ 74. Kc1 b2+ 0-1

[Event "N4 ronde 5 TGV / BLAGNY"]
[Site "?"]
[Date "????.??.??"]
[Round "5"]
[White "PELTRIAUX, Guillaume"]
[Black "WILLE, Frederic"]
[Result "1/2-1/2"]
[WhiteElo "1790"]
[BlackElo "1710"]
[PlyCount "65"]
[EventDate "2007.02.11"]
[SourceDate "2007.03.18"]

1. e4 c6 2. Qf3 d5 3. Nc3 dxe4 4. Nxe4 Nd7 5. Bc4 e6 6. d4 Ngf6 7. Nxf6+ Nxf6
8. Qd3 Qc7 9. Nf3 b6 10. Bg5 Be7 11. Ne5 Bb7 12. Ba6 Rd8 13. Bxb7 Qxb7 14. Qc4
Rc8 15. O-O O-O 16. Qe2 c5 17. dxc5 Rxc5 18. Rad1 Qc7 19. Bxf6 Bxf6 20. Nd7
Rxc2 21. Nxf6+ (21. Qg4 Bxb2 22. Nxf8 Kxf8 23. Qb4+) 21... gxf6 22. Qg4+ Kh8
23. Qh4 Qe5 24. Rd3 Qg5 25. Qb4 Qc5 26. Qh4 Qg5 27. Qa4 Rc7 28. Rg3 Qh6 29. Rh3
Qg5 30. Rg3 Qh6 31. Rh3 Qg5 32. Rg3 Qh6 33. Rh3 1/2-1/2

[Event "N4 ronde 5 TGV / BLAGNY"]
[Site "?"]
[Date "????.??.??"]
[Round "5"]
[White "ROMAIN, Emeline"]
[Black "BIESBROUCK, Philippe"]
[Result "0-1"]
[WhiteElo "1960"]
[BlackElo "1870"]
[PlyCount "60"]
[EventDate "2007.02.11"]
[SourceDate "2007.03.18"]

1. d4 Nf6 2. Nf3 d6 3. e3 Bg4 4. Be2 Nbd7 5. c4 c6 6. Nc3 a6 7. b4 Nb6 8. Qb3
e6 9. c5 Nbd5 10. Bb2 Be7 11. a3 Nxc3 12. Bxc3 Nd5 13. Bb2 O-O 14. e4 (14. O-O)
14... Nf4 15. Bf1 a5 16. Qe3 (16. h3 Bxf3 17. Qxf3 Ng6 18. Be2 axb4 19. axb4
Rxa1+ 20. Bxa1 dxc5 21. dxc5) 16... Ng6 17. h3 Bxf3 18. Qxf3 axb4 19. axb4
Rxa1+ 20. Bxa1 dxc5 21. dxc5 Qa8 22. Qd1 Rd8 23. Qc1 Bg5 24. Qb2 Bd2+ 25. Ke2
Bxb4 26. Qxb4 Qxa1 27. g3 Qd1+ 28. Ke3 Ne5 29. Bg2 Qd3+ 30. Kf4 f6 0-1

[Event "N4 ronde 5 TGV / BLAGNY"]
[Site "?"]
[Date "????.??.??"]
[Round "5"]
[White "FOURCART, Maxence"]
[Black "BELLOY, Julien"]
[Result "1/2-1/2"]
[WhiteElo "2014"]
[BlackElo "2015"]
[PlyCount "93"]
[EventDate "2007.02.11"]
[SourceDate "2007.03.18"]

1. d4 b6 2. c4 Bb7 3. Nc3 e6 4. d5 exd5 5. cxd5 Nf6 6. e4 Bb4 7. Bd3 Qe7 8. Qe2
O-O 9. a3 Bxc3+ 10. bxc3 Re8 11. f3 Bxd5 12. c4 Bb7 13. Bb2 d6 14. Nh3 Nbd7 15.
O-O Nc5 16. Rfe1 Nxd3 17. Qxd3 Nd7 18. Nf4 Ne5 19. Qc3 f6 20. Nd5 Qf7 21. Rad1
Ba6 22. Rc1 Rac8 23. Ne3 Bb7 24. Rcd1 Rcd8 25. Qc2 Nd7 26. Ng4 h5 27. Ne3 Nc5
28. Bd4 Bc6 29. Bxc5 dxc5 30. Kf2 Qe7 31. Nd5 Bxd5 32. exd5 Qd7 33. Qg6 Qf7 34.
Qf5 g6 35. Qf4 Kg7 36. h3 Qd7 37. g4 hxg4 38. hxg4 Qd6 39. Qxd6 cxd6 40. Re6
Rxe6 41. dxe6 Kf8 42. f4 f5 43. gxf5 gxf5 44. Rd5 Ke7 45. Rxf5 Kxe6 46. Rh5 d5
47. Re5+ 1/2-1/2

[Event "N4 ronde 5 TGV / BLAGNY"]
[Site "?"]
[Date "????.??.??"]
[Round "5"]
[White "BELLOY, Nicolas"]
[Black "HANOT, Wilfried"]
[Result "0-1"]
[WhiteElo "2020"]
[BlackElo "1910"]
[PlyCount "88"]
[EventDate "2007.02.11"]
[SourceDate "2007.03.18"]

1. d4 Nf6 2. Bg5 c6 3. Bxf6 gxf6 4. c4 d5 5. cxd5 cxd5 6. Nf3 Nc6 7. Nc3 Bf5 8.
Qb3 e6 9. Qxb7 Nb4 10. e4 (10. Nb5 Rb8) 10... Be7 (10... a6) 11. Bb5+ Kf8 12.
O-O (12. exf5 Nc2+ 13. Ke2 Nxa1 14. Rxa1) 12... dxe4 13. Nd2 Nc2 14. Rac1 Nxd4
15. a4 Rg8 16. Rfd1 Bg4 17. Ndxe4 Bxd1 18. Rxd1 e5 19. Ng3 a5 20. Nf5 Rb8 21.
Qe4 Bc5 22. Qh4 Nf3+ 23. Kh1 Qxd1+ (23... Nxh4 24. Rxd8+ Rxd8 25. Nxh4 Bxf2 26.
Nf5 Rg5) 24. Nxd1 Nxh4 25. Nxh4 Rd8 26. Nc3 Bxf2 27. Nf5 Be1 28. Ne4 Rd1 29.
Be2 Ra1 30. g4 Bh4+ 31. Kg2 Bg5 32. b3 Ra2 33. Kf3 Rg6 34. h4 Rxe2 35. Kxe2
Bxh4 36. Kf3 Be1 37. Ned6 Bc3 38. Ne4 Bb4 39. Nf2 Ke8 40. Ne4 Kd7 41. Nfg3 Ke6
42. Nf2 Be1 43. Nfe4 Bxg3 44. Nxg3 Rg8 0-1

[Event "N4 ronde 5 TGV / BLAGNY"]
[Site "?"]
[Date "????.??.??"]
[Round "5"]
[White "CARRE, Cedric"]
[Black "DEFRANCE, Laurent"]
[Result "0-1"]
[WhiteElo "2093"]
[BlackElo "2165"]
[PlyCount "96"]
[EventDate "2007.02.11"]
[SourceDate "2007.03.18"]

1. c4 e5 2. Nc3 Nc6 3. Nf3 f5 4. d3 Nf6 5. g3 Bb4 6. Bg5 O-O 7. Bg2 h6 8. Bxf6
Qxf6 9. O-O Bxc3 10. bxc3 b6 11. Ne1 Bb7 12. Nc2 Na5 13. Bd5+ Bxd5 14. cxd5 f4
15. Qd2 Rae8 16. Rac1 Qg5 17. f3 Qg6 18. Kg2 Nb7 19. Na3 Nd6 20. Rg1 Nf5 21.
Kf2 Qd6 22. Nc2 Qc5+ 23. d4 exd4 24. cxd4 Qxd5 25. gxf4 Qf7 26. e4 Nd6 27. e5
Nf5 28. Ne3 Nxe3 29. Qxe3 Qxa2+ 30. Qe2 Qxe2+ 31. Kxe2 c6 32. Ke3 a5 33. Rg6
Kf7 34. Rd6 Ke7 35. d5 cxd5 36. Rxb6 Rc8 37. Rxc8 Rxc8 38. Ra6 Rc3+ 39. Kd4
Rxf3 40. Kxd5 Rxf4 41. Rxa5 Rf2 42. Ra6 Rxh2 43. Ke4 Rd2 44. Kf5 Kf7 45. Ke4
Rd1 46. Kf4 Rg1 47. Ra7 Ke7 48. Ra8 h5 0-1

[Event "N4"]
[Site "rilly/enhm"]
[Date "2007.02.11"]
[Round "5"]
[White "BARDOUX, Thierry"]
[Black "VIARD, Dominique"]
[Result "0-1"]
[WhiteElo "2154"]
[BlackElo "2050"]
[PlyCount "88"]
[EventDate "2007.02.13"]
[SourceDate "2007.03.18"]

1. d4 c5 2. d5 Nf6 3. c4 e5 4. Nc3 d6 5. e4 Be7 6. Be2 Nbd7 7. Nf3 a6 8. O-O
O-O 9. Ne1 Ne8 10. Nd3 g6 11. f4 Ng7 12. Be3 b6 13. Kh1 exf4 14. Bxf4 f6 15.
Qd2 Ne5 16. Nxe5 fxe5 17. Be3 Ra7 18. Rxf8+ Bxf8 19. Rb1 a5 20. a3 Bd7 21. b4
axb4 22. axb4 Qa8 23. Qb2 Ne8 24. h3 Nc7 25. bxc5 bxc5 26. Kh2 Na6 27. Nb5 Bxb5
28. cxb5 Nb4 29. Bc4 Bg7 30. Rf1 Kh8 31. Qf2 h6 32. Qh4 Kh7 33. Bg5 Nc2 34. Rf3
Nd4 35. Rf2 Qe8 36. Rb2 Rb7 37. b6 Qa4 38. Bf1 Qd1 39. Ba6 Qa1 40. Bxh6 Bxh6
41. Bxb7 Qxb2 42. Qe7+ Bg7 43. Qxd6 Qf2 44. Qxc5 Nf3+ 0-1

[Event "N4"]
[Site "rilly/enhm"]
[Date "2007.02.11"]
[Round "5"]
[White "HERMANN, jean philippe"]
[Black "GASIOR, Jerome"]
[Result "1-0"]
[WhiteElo "2239"]
[BlackElo "2108"]
[PlyCount "49"]
[EventDate "2007.02.13"]
[SourceDate "2007.03.18"]

1. e4 c5 2. Nc3 Nc6 3. d3 e6 4. g3 Nf6 5. Bg2 Be7 6. f4 d5 7. e5 Nd7 8. Nf3 b6
9. O-O Bb7 10. Qe2 Qc7 11. f5 Nd4 12. Nxd4 cxd4 13. fxe6 fxe6 14. Nb5 Qc5 15.
a4 Rc8 16. Rf2 a6 17. b4 Qxb4 18. Ba3 Qxa4 19. Nd6+ Bxd6 20. exd6 Kd8 21. Qg4
Re8 22. Qg5+ Nf6 23. Qxg7 Rc5 24. Qxb7 Nd7 25. Bxc5 1-0

[Event "N4"]
[Site "rilly/enhm"]
[Date "2007.02.11"]
[Round "5"]
[White "THYES, Romuald"]
[Black "RAULET, Alain"]
[Result "0-1"]
[WhiteElo "2070"]
[BlackElo "2060"]
[PlyCount "82"]
[EventDate "2007.02.13"]
[SourceDate "2007.03.18"]

1. e4 c5 2. Nc3 Nc6 3. f4 g6 4. Nf3 Bg7 5. Bc4 e6 6. O-O Nge7 7. a3 O-O 8. d3
d5 9. Ba2 Rb8 10. Ne2 b5 11. c3 b4 12. axb4 cxb4 13. Be3 dxe4 14. dxe4 Ba6 15.
Nfd4 bxc3 16. bxc3 Nxd4 17. cxd4 Rb2 18. Re1 Bxe2 19. Rxe2 Rxe2 20. Qxe2 Bxd4
21. Rf1 Bxe3+ 22. Qxe3 Qa5 23. Bb1 Rd8 24. Kh1 Qb5 25. Re1 a5 26. g4 a4 27. f5
Qb3 28. Qg5 Qf3+ 29. Kg1 Rd1 30. Rxd1 Qxd1+ 31. Kg2 Qxb1 32. Qxe7 Qxe4+ 33. Kh3
exf5 34. Qd8+ Kg7 35. gxf5 Qxf5+ 36. Kg3 Qe5+ 37. Kh3 Qe3+ 38. Kh4 a3 39. Qb8
Qf2+ 40. Kg5 h6+ 41. Kg4 f5+ 0-1

[Event "N4"]
[Site "rilly/enhm"]
[Date "2007.02.11"]
[Round "5"]
[White "MEUNIER, Samuel"]
[Black "DJELLOULI, Hassine"]
[Result "0-1"]
[WhiteElo "1889"]
[BlackElo "2000"]
[PlyCount "70"]
[EventDate "2007.02.13"]
[SourceDate "2007.03.18"]

1. e4 c6 2. d4 d5 3. Nd2 dxe4 4. Nxe4 Nd7 5. Bd3 Ngf6 6. Ng5 e6 7. Qe2 Bd6 8.
N1f3 h6 9. Ne4 Nxe4 10. Qxe4 Qc7 11. Qg4 Kf8 12. Qe4 b6 13. O-O Bb7 14. Qe2 c5
15. h3 Rd8 16. c3 g6 17. Bd2 Kg7 18. Rae1 Bf4 19. Be3 Bd6 20. Nh4 Nf6 21. Qc2
cxd4 22. Bxd4 e5 23. Be3 e4 24. Be2 Bc8 25. f4 Bc5 26. Bxc5 Qxc5+ 27. Kh1 g5
28. b4 Qe3 29. fxg5 hxg5 30. Bg4 Qg3 31. Bxc8 Rxh4 32. Bf5 Rd3 33. c4 Ng4 34.
Bxg4 Qxg4 35. Re2 Qg3 0-1

[Event "N4"]
[Site "rilly/enhm"]
[Date "2007.02.11"]
[Round "5"]
[White "MORET, Florian"]
[Black "BINIAUX, Mickael"]
[Result "0-1"]
[WhiteElo "1760"]
[BlackElo "1740"]
[PlyCount "60"]
[EventDate "2007.02.13"]
[SourceDate "2007.03.18"]

1. e4 d5 2. exd5 Qxd5 3. Nc3 Qa5 4. d4 c6 5. Bf4 Nf6 6. Bc4 Bf5 7. Nf3 e6 8.
O-O Nbd7 9. a3 Nh5 10. Be3 Qc7 11. Nd2 Nhf6 12. g3 Bd6 13. Ne2 O-O-O 14. c3 h5
15. h4 Ng4 16. Bf4 e5 17. dxe5 Ndxe5 18. Qc1 f6 19. Nd4 Bd7 20. Ne6 Bxe6 21.
Bxe6+ Kb8 22. Bxg4 hxg4 23. Qc2 g5 24. hxg5 Rh3 25. Kg2 Rdh8 26. Rh1 fxg5 27.
Bxe5 Bxe5 28. Qd3 c5 29. Nc4 Qc6+ 30. f3 Rxg3+ 0-1

[Event "N4"]
[Site "rilly/enhm"]
[Date "2007.02.11"]
[Round "5"]
[White "DELIAS, Gerard"]
[Black "COLLIN, Patrick"]
[Result "0-1"]
[WhiteElo "1670"]
[BlackElo "1760"]
[PlyCount "92"]
[EventDate "2007.02.13"]
[SourceDate "2007.03.18"]

1. c4 g6 2. Nc3 Bg7 3. d4 b6 4. e4 c5 5. Be3 d6 6. Nge2 Nc6 7. a3 e6 8. Qd2 Bb7
9. f3 Nge7 10. d5 exd5 11. cxd5 Na5 12. Nc1 Bc8 13. b4 Nb7 14. Bb5+ Bd7 15.
Bxd7+ Qxd7 16. O-O O-O 17. Bh6 Rae8 18. Bxg7 Kxg7 19. Nd3 Ng8 20. Nf4 Nd8 21.
g4 f6 22. h4 Nh6 23. Rf2 Nhf7 24. Raf1 Ne5 25. Rg2 Re7 26. h5 g5 27. Nfe2 h6
28. Ng3 Ref7 29. Nf5+ Kh7 30. Qe2 c4 31. a4 Nd3 32. Qa2 Nf4 33. Rc2 a5 34. Qxc4
Nb7 35. Nb5 axb4 36. Qxb4 Rc8 37. Rxc8 Qxc8 38. Nbxd6 Nxd6 39. Nxd6 Qc2 40. Rf2
Nh3+ 41. Kg2 Nxf2 42. Kf1 Nd3 43. Qxb6 Rc7 44. Nf5 Qd1+ 45. Kg2 Rc2+ 46. Kg3
Qe1+ 0-1